000 00594nam a2200169 a 4500
001 000029200
005 20240316073904.0
008 110414s1976 dr 000 p spa d
040 _aDO-SdBNP
_bspa
_cBNPHU
082 _axxx
_bM524v
100 1 _aMella Chavier, Georgilio
_d1923-
_929238
245 1 0 _aVersos de la sabana /
_cGeorgilio Mella Chavier ; introducción de Marcio Veloz Maggiolo.
260 _aSan Pedro de Macorís, República Dominicana :
_bEditora de la Salle,
_c1976.
300 _a20 p. ;
_c21 cm.
049 _aBNPD
700 1 _aVeloz Maggiolo, Marcio,
_d1936-2021
_eintrod.
_91104
999 _c28692
_d28692